|
|
|
|
| LEADER |
00000nam0a2200000 4500 |
| 001 |
256322 |
| 005 |
20231101233114.0 |
| 035 |
|
|
|a (RuTPU)RU\TPU\book\278985
|
| 090 |
|
|
|a 256322
|
| 100 |
|
|
|a 20140408d1975 k y0rusy50 ca
|
| 101 |
0 |
|
|a rus
|
| 102 |
|
|
|a RU
|
| 105 |
|
|
|a a z 001zy
|
| 200 |
1 |
|
|a Комбинаторика и вероятность
|f Л. Я. Савельев
|g Академия наук СССР (АН СССР), Сибирское отделение (СО), Институт математики
|
| 210 |
|
|
|a Новосибирск
|c Наука
|d 1975
|
| 215 |
|
|
|a 423 с.
|c черт.
|
| 320 |
|
|
|a Библиогр.: с.418-419
|
| 320 |
|
|
|a Предметный указатель: с. 420-421.
|
| 606 |
1 |
|
|a Комбинаторика
|x (комбинаторный анализ)
|2 stltpush
|3 (RuTPU)RU\TPU\subj\65914
|9 82256
|
| 606 |
1 |
|
|a Вероятностей теория
|2 stltpush
|3 (RuTPU)RU\TPU\subj\2254
|9 30841
|
| 610 |
1 |
|
|a теория множеств
|
| 610 |
1 |
|
|a задачи
|
| 610 |
1 |
|
|a сложение
|
| 610 |
1 |
|
|a умножение
|
| 610 |
1 |
|
|a вероятность
|
| 610 |
1 |
|
|a модель Лапласа
|
| 610 |
1 |
|
|a модель Бернулли
|
| 610 |
1 |
|
|a случайные переменные
|
| 675 |
|
|
|a 519.1
|v 3
|
| 675 |
|
|
|a 519.21
|v 3
|
| 700 |
|
1 |
|a Савельев
|b Л. Я.
|g Лев Яковлевич
|
| 712 |
0 |
2 |
|a Академия наук СССР (АН СССР)
|b Сибирское отделение (СО)
|b Институт математики
|2 stltpush
|3 (RuTPU)RU\TPU\col\11754
|
| 801 |
|
1 |
|a RU
|b 63413507
|c 20140408
|
| 801 |
|
2 |
|a RU
|b 63413507
|c 20141003
|g RCR
|
| 942 |
|
|
|c BK
|